1821 1882 1154 1371 1786 1901 1476 1374 1863 1068 1226 1308 1884 1199 1773 1570 1671 1036 1689 1405 1338 1775 1899 1285 1119 1621 1708 1669 1611 1003 1947 1978 1024 1442 1422 1187 1153 1574 1110 1814 1212 1577 1363 1510 1114 1359 1087 1678 1351 1826 1968 1533 1975 1172 1966 1316 1420 1096 1139 1758 1120 1314 1453 1320 1113 1576 1158 1201 1215 1218 1359 1358 1427 1562 1062 1820 1436 1391 1127 1692 1858 1321 1377 1149 1896 1774 1902 1034 1588 1896 1916 1834 1850 1239 1938 1216 1199 1812 1059 BCNSPRNW ULIB Ver.6.0+V

เปลี่ยนเป็นภาษาไทย

Change to English
 แสดงรายละเอียดบรรณานุกรม
  กลับหน้าหลัก

Brief Record : Get Marc (ISO 2709) : E-mail record : QR code < ปิดหน้าต่าง
LEADER : 00000nam 2200000uu 4500
001    13399121301
003     ULIB
008    110627s2555||||th 000 0 tha d
099    วจ.LB2525^bว226ก
100 0  วราพร วันไชยธนวงศ์
245 00 การศึกษาสภาพการดำเนินการประกันคุณภาพการศึกษาของ วิทยาลัยพยาบาลบรมราชชนนี เชียงใหม่/^cวราพร วันไชยธนวงศ์,จินตวีร์พร แป้นแก้ว
260    เชียงใหม่ :^bวิทยาลัยพยาบาลบรมราชชนนี เชียงใหม่,^c2555
300    73 หน้า
650  7 ประกันคุณภาพ
650  7 การศึกษา
650  7 วิทยาลัยพยาบาลบรมราชชนนี เชียงใหม่
700 0  จินตวีร์พร แป้นแก้ว
710 1  วิทยาลัยพยาบาลบรมราชชนนี เชียงใหม่
945    ^p0^l0^i033057
995    ทศพร
999 ^a ใช้งานได้ทุกระบบ
รายการนี้ยังไม่มีแท็ก
คุณยังไม่ได้ล็อกอิน คุณสามารถมีกิจกรรมร่วมกับเว็บไซต์ได้ แต่ต้องล็อกอินก่อน ::
  ล็อกอิน

รายการสื่อสารสนเทศ

ลำดับที่ ประเภท เลขเรียก/บาร์โค้ด สถานที่ สถานะ
1. งานวิจัย
งานวิจัย
วจ.LB2525 ว226ก ฉ.1 
  Barcode: 033057
ห้องสมุดวิทยาเขตสวรรค์ประชารักษ์
►วิจัย
บนชั้น

รายการใกล้เคียง
    ผู้แต่ง [วราพร วันไชยธนวงศ์]

    หัวเรื่อง [ประกันคุณภาพ]
    หัวเรื่อง [การศึกษา]
    หัวเรื่อง [วิทยาลัยพยาบาลบรมราชชนนี เชียงใหม่]

BibComment


ยังไม่เคยถูกคอมเมนท์

คอมเมนท์ทรัพยากรรายการนี้
  คอมเมนท์: การศึกษาสภาพการดำ..


 Copyright 2026. Bcnsprnw @Library